00453nam a2200145Ia 4500003000400000008004100004020002600045040000800071041000700079082002500086100004300111245007300154260007200227300000800299LDD190117s9999 xx 000 0 und d a9789350725832c₹250 cLDD ahi a8H3.7 शा76जं aशाह, रमेशचंद्र 0aजंगल में आगcरमेशचंद्र शाह aनई दिल्लीbवाणी प्रकाशनc2014 a148